|
|
|
|
| LEADER |
00000nam0a2200000 4500 |
| 001 |
163591 |
| 005 |
20231101222416.0 |
| 010 |
|
|
|a 9785160037028
|
| 035 |
|
|
|a (RuTPU)RU\TPU\book\177489
|
| 090 |
|
|
|a 163591
|
| 100 |
|
|
|a 20090819d2009 m y0rusy50 ca
|
| 101 |
0 |
|
|a rus
|
| 102 |
|
|
|a RU
|
| 105 |
|
|
|a a j 001zy
|
| 200 |
1 |
|
|a Основы личной конкурентоспособности
|e учебное пособие
|f С. Д. Резник, А. А. Сочилова
|g под ред. С. Д. Резника
|
| 205 |
|
|
|a 2-е изд., доп. и перераб.
|
| 210 |
|
|
|a Москва
|c Инфра-М
|d 2009
|
| 215 |
|
|
|a 251 с.
|c ил.
|
| 225 |
1 |
|
|a Высшее образование
|
| 318 |
|
|
|5 63413507
|a Навыки XXI века
|b выставка
|
| 320 |
|
|
|a Библиогр.: с. 229-234.
|
| 320 |
|
|
|a Глоссарий: с. 235-242.
|
| 330 |
|
|
|a Учебное пособие посвящено формированию студентами своей личной конкурентоспособности еще в период обучения в высшем учебном заведении. К сожалению, далеко не каждый выпускник российского вуза может похвалиться хорошей работой по выбранной специальности. Ее получают только конкурентоориентированные и конкурентоспособные специалисты.В пособии представлена система управления личной конкурентоспособностью российского студенчества. Особое внимание уделено разработанным механизмам и технологиям формирования конкурентоспособности. Для студентов инженерных, экономических и управленческих специальностей высших учебных заведений.
|
| 606 |
1 |
|
|a Персонал
|x Менеджмент
|2 stltpush
|3 (RuTPU)RU\TPU\subj\36606
|9 57926
|
| 606 |
1 |
|
|a Студенчество
|2 stltpush
|3 (RuTPU)RU\TPU\subj\57978
|9 75822
|
| 610 |
1 |
|
|a труд
|
| 610 |
1 |
|
|a управление
|
| 610 |
1 |
|
|a персональный менеджмент
|
| 610 |
1 |
|
|a кадры
|
| 610 |
1 |
|
|a карьера
|
| 610 |
1 |
|
|a студенты
|
| 610 |
1 |
|
|a вузы
|
| 610 |
1 |
|
|a конкурентоспособность
|
| 610 |
1 |
|
|a рынок труда
|
| 610 |
1 |
|
|a конкурентоориентированность
|
| 610 |
1 |
|
|a фундаментальная подготовка
|
| 610 |
1 |
|
|a эффективность
|
| 610 |
1 |
|
|a библиотеки
|
| 610 |
1 |
|
|a Интернет
|
| 610 |
1 |
|
|a знания
|
| 610 |
1 |
|
|a самомотивация
|
| 610 |
1 |
|
|a жизненный успех
|
| 610 |
1 |
|
|a стратегическая ориентация
|
| 610 |
1 |
|
|a организаторские способности
|
| 610 |
1 |
|
|a организаторские качества
|
| 610 |
1 |
|
|a управленческая деятельность
|
| 610 |
1 |
|
|a профессиональная деятельность
|
| 610 |
1 |
|
|a руководители
|
| 610 |
1 |
|
|a деловые связи
|
| 610 |
1 |
|
|a формирование
|
| 610 |
1 |
|
|a профессиональная карьера
|
| 610 |
1 |
|
|a планирование
|
| 610 |
1 |
|
|a работоспособность
|
| 610 |
1 |
|
|a семейное благополучие
|
| 610 |
1 |
|
|a личная репутация
|
| 610 |
1 |
|
|a жизненное везение
|
| 610 |
1 |
|
|a удача
|
| 610 |
1 |
|
|a личные качества
|
| 610 |
1 |
|
|a самоконтроль
|
| 610 |
1 |
|
|a обучение
|
| 610 |
1 |
|
|a техника
|
| 610 |
1 |
|
|a технологии
|
| 610 |
1 |
|
|a рационализация
|
| 610 |
1 |
|
|a способности
|
| 610 |
1 |
|
|a кругозор
|
| 610 |
1 |
|
|a привлекательность
|
| 610 |
1 |
|
|a культура поведения
|
| 610 |
1 |
|
|a деловое общение
|
| 610 |
1 |
|
|a учебные пособия
|
| 686 |
|
|
|a У9(2)240я73
|v LBC/SL-A
|2 rubbk
|
| 686 |
|
|
|a Ч481.43я73
|v LBC/SL-A
|2 rubbk
|
| 700 |
|
1 |
|a Резник
|b С. Д.
|
| 701 |
|
1 |
|a Сочилова
|b А. А.
|
| 702 |
|
1 |
|a Резник
|b С. Д.
|4 340
|
| 801 |
|
1 |
|a RU
|b 63413507
|c 20090819
|
| 801 |
|
2 |
|a RU
|b 63413507
|c 20121205
|g RCR
|
| 942 |
|
|
|c BK
|
| 951 |
|
|
|a 521600
|b 080100
|a 521500
|b 080500
|
| 959 |
|
|
|a 78/20090625
|d 1
|e 0
|f ЧЗГЛ:1
|